000
00238nam a2200109Ia 4500
008
190216s9999||||xx |||||||||||||| ||und||
100
_a
Akkitham
245
0
_a
Amrutha Kadigam
260
_b
Pk Brothers
650
_a
Malayalam
942
_c
BK
999
_c
26207
_d
26207